000 01887pam a2200505 a 4500
001 fol18070047
003 ICrlF
005 20250904223549.0
008 170801s2018 mnu d 000 1 eng
010 _a 2017021456
020 _a9781541500273
035 _a(ICrlF)1220YK
040 _aDLC
_beng
_cDLC
_dICrlF
042 _apcc
_alcac
050 0 0 _aPZ7.K8793
_bCap 2018
082 0 0 _a[Fic]
_223
100 1 _aKreie, Chris.
_941267
245 1 4 _aThe captain /
_cChris Kreie.
260 _aMinneapolis :
_bDarby Creek,
_c[2018]
300 _a97 p. ;
_c20 cm.
490 1 _aKick!
510 3 _aVoice of Youth Advocates (V.O.Y.A.), April 2018
520 _a"When a scandal upsets the high school soccer team, the captain, Malik, struggles to bring his team back together and learn to trust a new coach"--
_cProvided by publisher.
521 0 _a2.7.
521 2 _aYoung Adult
_bFollett School Solutions.
650 0 _aSoccer stories.
650 0 _aLeadership
_vJuvenile fiction.
_954697
650 0 _aTeamwork (Sports)
_vJuvenile fiction.
_935876
650 0 _aConduct of life
_vJuvenile fiction.
650 0 _aHigh schools
_vJuvenile fiction.
650 0 _aSchools
_vJuvenile fiction.
650 1 _aSoccer
_vFiction.
_937542
650 1 _aLeadership
_vFiction.
_954699
650 1 _aTeamwork (Sports)
_vFiction.
_941268
650 1 _aConduct of life
_vFiction.
650 1 _aHigh schools
_vFiction.
650 1 _aSchools
_vFiction.
655 7 _aSports fiction.
_2lcgft
776 0 8 _iOnline version:
_aKreie, Chris, author.
_tCaptain
_dMinneapolis : Darby Creek, [2018]
_z9781541500280
_w(DLC) 2017037508
830 0 _aKick! (Darby Creek (Firm))
_944033
852 1 _9p7.99usd
852 1 _9p7.99usd
940 2 _a2.7
_bYoung Adult
_d08/16/18
_sVoice of Youth Advocates (V.O.Y.A.), April 2018
_vFSS
942 _cBK
999 _c124942
_d124942